MARC details
| 000 -LEADER |
| fixed length control field |
04124nam a2200361 i 4500 |
| 003 - CONTROL NUMBER IDENTIFIER |
| control field |
CSPC |
| 005 - DATE AND TIME OF LATEST TRANSACTION |
| control field |
20260319111212.0 |
| 008 - FIXED-LENGTH DATA ELEMENTS--GENERAL INFORMATION |
| fixed length control field |
260318s2024 maua 001 0 eng d |
| 020 ## - INTERNATIONAL STANDARD BOOK NUMBER |
| International Standard Book Number |
9781284280272 |
| 040 ## - CATALOGING SOURCE |
| Original cataloging agency |
CSPC |
| Language of cataloging |
eng |
| Transcribing agency |
CSPC |
| Description conventions |
rda |
| 050 00 - LIBRARY OF CONGRESS CALL NUMBER |
| Classification number |
RC952.5 |
| Item number |
.G433 2024 |
| 082 04 - DEWEY DECIMAL CLASSIFICATION NUMBER |
| Edition number |
23 |
| Classification number |
618.97 |
| Item number |
G315 |
| 245 00 - TITLE STATEMENT |
| Title |
Geriatric education for emergency medical services : |
| Remainder of title |
course manual / |
| Statement of responsibility, etc. |
National Association of Emergency Medical Technicians. |
| 250 ## - EDITION STATEMENT |
| Edition statement |
Third edition. |
| 264 #1 - PRODUCTION, PUBLICATION, DISTRIBUTION, MANUFACTURE, AND COPYRIGHT NOTICE |
| Place of production, publication, distribution, manufacture |
Burlington, Massachusetts : |
| Name of producer, publisher, distributor, manufacturer |
Jones & Bartlett Learning, |
| Date of production, publication, distribution, manufacture, or copyright notice |
2024. |
| 300 ## - PHYSICAL DESCRIPTION |
| Extent |
ix, 200 pages : |
| Other physical details |
illustrations ; |
| Dimensions |
28 cm. |
| 336 ## - CONTENT TYPE |
| Source |
rdacontent |
| Content type term |
text |
| Content type code |
txt |
| 337 ## - MEDIA TYPE |
| Source |
rdamedia |
| Media type term |
unmediated |
| Media type code |
n |
| 338 ## - CARRIER TYPE |
| Source |
rdacarrier |
| Carrier type term |
volume |
| Carrier type code |
nc |
| 500 ## - GENERAL NOTE |
| General note |
Includes index. |
| 505 0# - FORMATTED CONTENTS NOTE |
| Formatted contents note |
Changes with age and assessment of the older patient -- Polypharmacy and toxicity in older patients -- Respiratory emergencies -- Cardiovascular emergencies -- Trauma -- Other medical disorders -- Neurologic emergencies -- Elder maltreatment and psychosocial emergencies -- End-of-life and palliative care -- Disaster triage and transporting older patients -- Left ventricular assist devices -- Skin disorders -- Ventilators -- Urinary catheter and colostomy bag care -- Implantable cardioverter defibrillators. |
| 520 ## - SUMMARY, ETC. |
| Summary, etc. |
"Each year in the United States, approximately 40 percent of all emergency medical services (EMS) calls are for geriatric patients experiencing acute medical disorders, trauma, or exacerbations of chronic disease, and future EMS calls for this population will sharply rise. In fact, the number of people 80 years of age and older globally is expected to triple by 2050. The National Association of Emergency Medical Technicians’ Geriatric Education for EMS Course Manual prepares prehospital practitioners to respond to, assess, and care for this fast-growing patient population. Geriatric Education for Emergency Medical Services, Third Edition is an engaging educational resource that practitioners can consult after the course to help them provide the best care for older adults in every community. A Comprehensive Approach to Geriatric Care The GEMS program helps EMS practitioners learn to conduct a comprehensive assessment of geriatric patients. Because the aging process affects all body systems, NAEMT’s course provides an overview of changes that occur as people age and describes how those changes can impact patient presentation. Completing a full assessment that integrates and responds to differences in geriatric pathophysiology is critical to recognizing and responding quickly and effectively to the critically ill or injured older adult. Additionally, incorporating the GEMS Diamond (Geriatric, Environmental, Medical, and Social assessments) can help practitioners formulate a holistic diagnostic and treatment approach. This new GEMS course manual includes chapters that address the following topics: - Changes with age and assessment of the older patient - Polypharmacy and Toxicity in Older Patients - Respiratory Emergencies - Cardiovascular Emergencies - Trauma - Other Medical Disorders - Neurologic Emergencies - Elder Maltreatment and Psychosocial Emergencies - End-of-Life and Palliative Care - Disaster Triage and Transporting Older Patients - Left Ventricular Assist Devices - Skin Disorders - Ventilators - Urinary Catheter and Colostomy Bag Care - Implantable Cardioverter Defibrillators This print course manual comes with an access code for the course manual’s eBook. The GEMS Course Manual, Third Edition is required for NAEMT's GEMS, Third Edition course"-- Amazon.com. |
| 650 #0 - SUBJECT ADDED ENTRY--TOPICAL TERM |
| Topical term or geographic name entry element |
Emergency medical services. |
| 650 #0 - SUBJECT ADDED ENTRY--TOPICAL TERM |
| Topical term or geographic name entry element |
Older people |
| General subdivision |
Diseases. |
| 650 #0 - SUBJECT ADDED ENTRY--TOPICAL TERM |
| Topical term or geographic name entry element |
Falls (Accidents) in old age. |
| 650 #0 - SUBJECT ADDED ENTRY--TOPICAL TERM |
| Topical term or geographic name entry element |
Medical emergencies. |
| 650 #0 - SUBJECT ADDED ENTRY--TOPICAL TERM |
| Topical term or geographic name entry element |
Older people. |
| 650 #2 - SUBJECT ADDED ENTRY--TOPICAL TERM |
| Topical term or geographic name entry element |
Emergency Medical Services. |
| 650 #2 - SUBJECT ADDED ENTRY--TOPICAL TERM |
| Topical term or geographic name entry element |
Emergencies. |
| 710 2# - ADDED ENTRY--CORPORATE NAME |
| Corporate name or jurisdiction name as entry element |
National Association of Emergency Medical Technicians. |
| 942 ## - ADDED ENTRY ELEMENTS (KOHA) |
| Source of classification or shelving scheme |
Dewey Decimal Classification |
| Suppress in OPAC |
No |
| Koha item type |
Books |
| Edition |
23 |
| Classification part |
618.97 |
| Item part |
G315 |
| Call number prefix |
GRD |
| Call number suffix |
2024 |